Obilie môžu aj vyvážať Európska únia podpory roľníkom škrtá, v Ruskej federácii ich zvyšujú

Bibliographic Details
Main Author: Paľcev, Eugen (Author)
Format: Article
Language:Slovak
ISSN:1335-440X
Subjects:

MARC

LEADER 00000nab a2200000 ar4500
001 vtls009168188
003 SK-MaSNL
005 20260304233951.0
008 071217c20071123xo |||||||||||000 b|slo
015 |a SNBRB2007/12  |2 snkbucl 
038 |a SNKBUCL 
040 |a SNKBUCL  |b slo  |c SNKBUCL  |e AACR2 
041 0 |a slo 
044 |a xo  |c SK 
080 |a 633  |x (470+571)  |2 1997 
080 |a 633.1  |x (470+571)  |2 1997 
100 1 |a Paľcev, Eugen  |4 aut  |9 267579 
245 1 0 |a Obilie môžu aj vyvážať  |b Európska únia podpory roľníkom škrtá, v Ruskej federácii ich zvyšujú  |c Eugen Paľcev 
648 7 |a 2007  |2 snkbucl  |9 313226 
650 0 7 |a rastlinná výroba  |2 snkbucl  |9 2835 
650 0 7 |a obilniny  |2 snkbucl  |9 19007 
650 0 7 |a produkcia  |2 snkbucl  |9 380689 
651 7 |a Rusko  |2 snkbucl  |9 17250 
773 0 |t Sme. Roľnícke noviny  |g Č. 269 (23.11.2007), s. 5  |x 1335-440X 
852 |a SNK  |b KIS3GCP 
958 |a RU 
999 |c 3201243  |d 3203173